Витамины и гормоны методические указания
Методические указания предназначены для студентов специальности 190600 «Инженерное дело в медико-биологической практике» при изучении дисциплины «Биохимия».
Enregistré dans:
| Auteur principal: | |
|---|---|
| Format: | Книга |
| Sujets: | |
| Accès en ligne: | Перейти к просмотру издания |
| Tags: |
Ajouter un tag
Pas de tags, Soyez le premier à ajouter un tag!
|
| LEADER | 01634nam0a2200337 4500 | ||
|---|---|---|---|
| 001 | RU/IPR SMART/50049 | ||
| 856 | 4 | |u https://www.iprbookshop.ru/50049.html |z Перейти к просмотру издания | |
| 801 | 1 | |a RU |b IPR SMART |c 20250903 |g RCR | |
| 010 | |a 2227-8397 | ||
| 205 | |a Витамины и гормоны |b Весь срок охраны авторского права | ||
| 333 | |a Весь срок охраны авторского права | ||
| 100 | |a 20250903d2005 k y0rusy01020304ca | ||
| 105 | |a y j 000zy | ||
| 101 | 0 | |a rus | |
| 102 | |a RU | ||
| 200 | 1 | |a Витамины и гормоны |e методические указания |f А. Д. Стрекаловская | |
| 700 | 1 | |a Стрекаловская, |b А. Д. |4 070 | |
| 330 | |a Методические указания предназначены для студентов специальности 190600 «Инженерное дело в медико-биологической практике» при изучении дисциплины «Биохимия». | ||
| 210 | |a Оренбург |c Оренбургский государственный университет, ЭБС АСВ |d 2005 | ||
| 610 | 1 | |a витамин | |
| 610 | 1 | |a гормон | |
| 610 | 1 | |a биохимия | |
| 675 | |a 577 | ||
| 686 | |a 28.0 |2 rubbk | ||
| 300 | |a Книга находится в премиум-версии IPR SMART. | ||
| 106 | |a s | ||
| 230 | |a Электрон. дан. (1 файл) | ||
| 336 | |a Текст | ||
| 337 | |a электронный | ||
| 503 | 0 | |a Доступна эл. версия. IPR SMART | |
| 215 | |a 46 с. | ||